1204 1993 1251 1481 1148 1801 1537 1093 1580 1806 1626 1907 1332 1305 1411 1222 1791 1579 1286 1717 1822 1147 1625 1879 1486 1350 1714 1725 1515 1585 1506 1541 1021 1338 1179 1741 1574 1359 1128 1404 1923 1728 1011 1683 1483 1453 1075 1284 1114 1404 1679 1294 1033 1452 1892 1777 1611 1450 1957 1150 1401 1427 1598 1573 1334 1004 1121 1266 1953 1316 1574 1659 1597 1808 1242 1992 1561 1119 1129 1870 1668 1477 1174 1944 1460 1972 1353 1218 1740 1502 1984 1625 1912 1703 1436 1504 1447 1894 1725 BCNSPRNW ULIB Ver.6.0+V

เปลี่ยนเป็นภาษาไทย

Change to English
 แสดงรายละเอียดบรรณานุกรม
  กลับหน้าหลัก

Brief Record : Get Marc (ISO 2709) : E-mail record : QR code < ปิดหน้าต่าง
LEADER : 00000nam 2200000uu 4500
001    13399113873
003     ULIB
008    120110s||||||||th 000 0 tha d
099    วจ.HF5415.5^bส143ก
100 0  ส่งศรี กิตติรักษ์ตระกูล
245 00 การพัฒนารูปแบบเครือข่ายจิตบริการด้วยหัวใจความเป็นมนุษย์ของวิทยาลัยสังกัดสถาบันพระบรมราชชนก/^cส่งศรี กิตติรักษ์ตระกูล และคณะ
260    นนทบุรี :^bสถาบันพระบรมราชชนก,^c2554
300    220 หน้า :^bภาพประกอบ
500    รายงานการวิจัย
650  7 การบริการ^xวิจัย
650  7 ครอบครัวเสมือน^xวิจัย
710    สถาบันพระบรมราชชนก
945    ^p0^l0^i030933
995    ทศพร
999 ^a ทศพร
รายการนี้ยังไม่มีแท็ก
คุณยังไม่ได้ล็อกอิน คุณสามารถมีกิจกรรมร่วมกับเว็บไซต์ได้ แต่ต้องล็อกอินก่อน ::
  ล็อกอิน

รายการสื่อสารสนเทศ

ลำดับที่ ประเภท เลขเรียก/บาร์โค้ด สถานที่ สถานะ
1. งานวิจัย
งานวิจัย
วจ.HF5415.5 ส143ก ฉ.1 
  Barcode: 030933
ห้องสมุดวิทยาเขตสวรรค์ประชารักษ์
►วิจัย
บนชั้น

รายการใกล้เคียง
    ผู้แต่ง [ส่งศรี กิตติรักษ์ตระกูล]

BibComment


ยังไม่เคยถูกคอมเมนท์

คอมเมนท์ทรัพยากรรายการนี้
  คอมเมนท์: การพัฒนารูปแบบเคร..


 Copyright 2026. Bcnsprnw @Library